01114nam a2200277Ia 4500001001200000003000800012006001900020007001500039008004100054020002600095040002100121035002100142050002600163100002100189245011300210260003900323300002300362504005100385533015200436650001900588650003000607655002900637700002500666856012600691999001900817ebr10447987CaPaEBRm u cr cn|||||||||950615s2010 xx a sb 001 0 eng d z9781608051076 (ebook) aCaPaEBRcCaPaEBR a(OCoLC)70856930714aRC632.C26bL86 2010eb1 aLumachi, Franco.10aHypercalcemia pathophysiology & treatmenth[electronic resource] /cby Franco Lumachi & Stefano M. M. Basso. a[S.l.] :bBentham e Books,c[2010] avi, 105 p. :bill. aIncludes bibliographical references and index. aElectronic reproduction.bPalo Alto, Calif. :cebrary,d2011.nAvailable via World Wide Web.nAccess may be limited to ebrary affiliated libraries. 0aHypercalcemia. 0aHypercalcemiaxTreatment. 7aElectronic books.2local1 aBasso, Stefano M. M.40uhttp://site.ebrary.com/lib/rucke/Doc?id=10447987zAn electronic book accessible through the World Wide Web; click to view c137157d137157